000 01091nam a22002297a 4500
005 20110908103336.0
010 _aENG-103650 B-477211
020 _a9788183690164
_c400.00
035 _aEN-87183 B-477211
037 _bDBAD/PUB
037 _bK.K.Pub/Ven
082 _a796.4
245 _aDelhi 2010 XIX Commonwealth Games /
_cedited and complied by Life Span Research Foundation (New Delhi)
260 _aNew Delhi
_bLife Span Publishers
_c2010
270 _a215, Nilgiri Apartments, Alaknanda
_bNew Delhi
_e110019
300 _a113p.
_c22cm (Hb)
700 _934646
_aLife Span Research Foundation
942 _2ddc
_cEN
_h796.4
_mDEL
999 _c56509
_d56509